[Event "Aragon-chT Honor GrA"]
[Site "Aragon"]
[Date "2017.03.04"]
[Round "6.10"]
[White "Gimenez Martinez, Alberto"]
[Black "Solano Lasierra, Javier"]
[Result "1-0"]
[WhiteElo "2204"]
[BlackElo "2171"]
[PlyCount "153"]
[EventDate "2017.01.28"]
[EventType "team-tourn"]
[EventRounds "7"]
[EventCountry "ESP"]
[SourceTitle "EXT 2018"]
[Source "ChessBase"]
[SourceDate "2017.10.13"]
[SourceVersion "1"]
[SourceVersionDate "2017.10.13"]
[SourceQuality "1"]
[WhiteTeam "St Casablanca II"]
[BlackTeam "La Aurora Estadilla"]
[WhiteTeamCountry "ESP"]
[BlackTeamCountry "ESP"]

1. e4 e6 2. d4 d5 3. e5 c5 4. c3 Nc6 5. Nf3 Bd7 6. a3 Nge7 7. b4 cxd4 8. cxd4 Nc8 9. Bd3 Be7 10. 0-0 Nb6 11. Nbd2 Rc8 12. Bb2 0-0 13. Rc1 a6 14. Nb3 Nc4 15. Bxc4 dxc4 16. Rxc4 Na7 17. Rxc8 Qxc8 18. d5 exd5 19. Qxd5 Bc6 20. Qd1 Rd8 21. Nbd4 Qg4 22. h3 Qd7 23. Qc2 Bd5 24. Rc1 Nc6 25. Nxc6 Bxc6 26. Nd4 Bd5 27. Qc7 h6 28. Qxd7 Rxd7 29. f3 Bg5 30. Rc8+ Rd8 31. Rxd8+ Bxd8 32. Nf5 Kf8 33. Bd4 Be7 34. Kf2 Be6 35. g4 h5 36. Bc5 Bxc5+ 37. bxc5 hxg4 38. hxg4 g6 39. Nd6 Bd5 40. Ke3 Ke7 41. Ne4 Ke6 42. f4 Bc6 43. Kd4 Bd7 44. Nd6 Bc6 45. f5+ gxf5 46. gxf5+ Ke7 47. Nc8+ Kd8 48. Nb6 Ke7 49. Nd5+ Kd7 50. Nf4 Ke7 51. Ke3 Kd7 52. Ne2 Ke7 53. Kf4 Bd5 54. Nd4 Bc4 55. Nc2 Bd5 56. Ke3 Bb3 57. Nb4 Bc4 58. Kd4 Bf1 59. c6 bxc6 60. Nxc6+ Kd7 61. Kc5 Bd3 62. Nd4 Kc7 63. a4 Be4 64. a5 Bd3 65. e6 fxe6 66. Nxe6+ Kd7 67. Nd4 Kc7 68. f6 Kd7 69. Kd5 Bg6 70. Kc5 Bd3 71. Kd5 Bg6 72. Nc6 Bf7+ 73. Kc5 Bh5 74. f7 Bxf7 75. Ne5+ Kc7 76. Nxf7 Kb7 77. Kd6 1-0

[Event "Salou op U2200 1st"]
[Site "Salou"]
[Date "2016.04.30"]
[Round "4"]
[White "Sanchez Bernardino, Miguel Angel"]
[Black "Solano Lasierra, Javier"]
[Result "0-1"]
[WhiteElo "1992"]
[BlackElo "2117"]
[PlyCount "90"]
[EventDate "2016.04.29"]
[EventType "swiss"]
[EventRounds "6"]
[EventCountry "ESP"]
[SourceTitle "CBM 172 Extra"]
[Source "ChessBase"]
[SourceDate "2016.06.21"]
[SourceVersion "1"]
[SourceVersionDate "2016.06.21"]
[SourceQuality "1"]

1. e4 c6 2. d4 d5 3. e5 c5 4. dxc5 e6 5. Be3 Nh6 6. Bd3 Nd7 7. Bd4 Nxc5 8. Nf3 Nxd3+ 9. cxd3 Be7 10. Bc3 0-0 11. 0-0 Nf5 12. d4 b5 13. b4 a5 14. Qb3 axb4 15. Bxb4 Bxb4 16. Qxb4 Ra4 17. Qxb5 Bd7 18. Qb2 Qa5 19. Rd1 Rb4 20. Qd2 Qb6 21. Nc3 Rc4 22. g4 Ne7 23. Ne2 Rfc8 24. Ng3 Ng6 25. Rdc1 Ba4 26. Rxc4 dxc4 27. Rc1 Qc6 28. Rc3 Qd5 29. Ne1 Nxe5 30. Ra3 Bc6 31. f4 Nxg4 32. Ra5 Qd8 33. f5 Bd5 34. Qc3 Qh4 35. Qd2 c3 36. Qe2 Nf6 37. Nc2 Qf4 38. fxe6 Bxe6 39. Qd1 Nd5 40. Qf1 Qd2 41. Qe2 g6 42. Kf2 Nf4 43. Qxd2 cxd2 44. Ne3 Rc1 45. Kf3 Re1 0-1

[Event "Aragon-chT Honor GrB "]
[Site "Aragon"]
[Date "2012.02.18"]
[Round "3.19"]
[White "Solano Lasierra, Javier"]
[Black "Ramiro Ovejero, Juan Luis"]
[Result "1/2-1/2"]
[WhiteElo "2172"]
[BlackElo "2303"]
[PlyCount "63"]
[EventDate "2012.02.04"]
[EventType "team-tourn"]
[EventRounds "7"]
[EventCountry "ESP"]
[SourceTitle "EXT 2014"]
[Source "ChessBase"]
[SourceDate "2013.11.20"]
[SourceVersion "1"]
[SourceVersionDate "2013.11.20"]
[SourceQuality "1"]
[WhiteTeam "La Aurora Estadilla"]
[BlackTeam "Jaime Casas"]
[WhiteTeamCountry "ESP"]
[BlackTeamCountry "ESP"]

1. d4 d5 2. c4 dxc4 3. Nc3 e5 4. e3 exd4 5. exd4 Nf6 6. Bxc4 Bd6 7. Nf3 0-0 8. 0-0 Nc6 9. h3 h6 10. Be3 Bf5 11. Bd3 Qd7 12. Bxf5 Qxf5 13. Qb3 Rab8 14. Rac1 a6 15. Rfd1 Rfe8 16. d5 Ne5 17. Nd4 Qh5 18. Nce2 Ng6 19. Nf3 Ne7 20. Nf4 Qf5 21. Qc2 Qxc2 22. Rxc2 Nf5 23. Bc1 Rbd8 24. g4 Ne7 25. Be3 Bxf4 26. Bxf4 Rxd5 27. Re1 c6 28. Rce2 Kf8 29. g5 hxg5 30. Bxg5 Neg8 31. Ne5 Re6 32. f4 1/2-1/2

[Event "Aragon-chT Honor GrB "]
[Site "Aragon"]
[Date "2012.02.04"]
[Round "1.23"]
[White "Solano Lasierra, Javier"]
[Black "Juberias Segura, Santiago"]
[Result "1/2-1/2"]
[WhiteElo "2172"]
[BlackElo "2045"]
[PlyCount "61"]
[EventDate "2012.02.04"]
[EventType "team-tourn"]
[EventRounds "7"]
[EventCountry "ESP"]
[SourceTitle "EXT 2014"]
[Source "ChessBase"]
[SourceDate "2013.11.20"]
[SourceVersion "1"]
[SourceVersionDate "2013.11.20"]
[SourceQuality "1"]
[WhiteTeam "La Aurora Estadilla"]
[BlackTeam "St Casablanca II"]
[WhiteTeamCountry "ESP"]
[BlackTeamCountry "ESP"]

1. d4 d5 2. c4 c6 3. Nc3 Nf6 4. Nf3 e6 5. cxd5 exd5 6. Bg5 Be7 7. e3 Bf5 8. Bd3 Bxd3 9. Qxd3 Nbd7 10. 0-0 0-0 11. Rab1 Ne4 12. Bf4 Ndf6 13. Nd2 Nd6 14. h3 Re8 15. f3 Nh5 16. Bh2 Bg5 17. Rbe1 Nc4 18. Nxc4 dxc4 19. Qd2 Bh4 20. Re2 Ng3 21. Bxg3 Bxg3 22. Ne4 Bc7 23. g4 Qh4 24. Qc2 Qxh3 25. Ng5 Qh4 26. Qf5 Re7 27. Ne4 g6 28. Qc5 Rxe4 29. fxe4 Qg3+ 30. Kh1 Qh3+ 31. Kg1 1/2-1/2

[Event "Aragon-chT Honor Titulo"]
[Site "Spain"]
[Date "2011.04.10"]
[Round "11.2"]
[White "Solano Lasierra, Javier"]
[Black "Antoli Royo, Joaquin Miguel"]
[Result "1/2-1/2"]
[WhiteElo "2156"]
[BlackElo "2430"]
[PlyCount "95"]
[EventDate "2011.03.26"]
[EventType "team-tourn"]
[EventRounds "11"]
[EventCountry "ESP"]
[SourceTitle "EXT 2013"]
[Source "ChessBase"]
[SourceDate "2012.11.22"]
[SourceVersion "1"]
[SourceVersionDate "2012.11.22"]
[SourceQuality "1"]
[WhiteTeam "La Aurora Estadilla"]
[BlackTeam "Jaime Casas"]
[WhiteTeamCountry "ESP"]
[BlackTeamCountry "ESP"]

1. d4 d5 2. c4 dxc4 3. Nc3 Nf6 4. Nf3 c5 5. e3 e6 6. Bxc4 Be7 7. 0-0 cxd4 8. exd4 0-0 9. Qe2 a6 10. a4 Nc6 11. Rd1 Nb4 12. Ne5 b6 13. Bg5 Bb7 14. Nxf7 Rxf7 15. Bxe6 Qd6 16. d5 Raf8 17. Rd4 Kh8 18. Rad1 Ng8 19. Ne4 Qd8 20. Bxe7 Nxe7 21. Bxf7 Rxf7 22. Ng5 Rf5 23. Qh5 Qg8 24. d6 Ned5 25. d7 h6 26. Qe8 Rf8 27. Nf7+ Kh7 28. Qe4+ g6 29. Ne5 a5 30. h4 h5 31. Nf3 Rd8 32. Ne5 Qe6 33. R1d2 Kg7 34. g3 Ba8 35. Nc4 Qxe4 36. Rxe4 Rxd7 37. Nxb6 Rd8 38. Nc4 Rc8 39. b3 Kf6 40. Rde2 Rc6 41. Re8 Ra6 42. Rf8+ Kg7 43. Ree8 Bc6 44. Rg8+ Kh7 45. Rh8+ Kg7 46. Reg8+ Kf7 47. Rf8+ Kg7 48. Rhg8+ 1/2-1/2

[Event "Aragon-chT Honor Titulo"]
[Site "Spain"]
[Date "2011.04.09"]
[Round "10.2"]
[White "Forcen Esteban, Daniel"]
[Black "Solano Lasierra, Javier"]
[Result "1/2-1/2"]
[WhiteElo "2378"]
[BlackElo "2156"]
[PlyCount "106"]
[EventDate "2011.03.26"]
[EventType "team-tourn"]
[EventRounds "11"]
[EventCountry "ESP"]
[SourceTitle "EXT 2013"]
[Source "ChessBase"]
[SourceDate "2012.11.22"]
[SourceVersion "1"]
[SourceVersionDate "2012.11.22"]
[SourceQuality "1"]
[WhiteTeam "IberCaja"]
[BlackTeam "La Aurora Estadilla"]
[WhiteTeamCountry "ESP"]
[BlackTeamCountry "ESP"]

1. e4 e6 2. d4 d5 3. Nc3 Bb4 4. exd5 exd5 5. Bd3 Nc6 6. a3 Be7 7. Be3 Bf6 8. Qh5 Nge7 9. Nge2 Be6 10. h3 Qd7 11. Qf3 Ng6 12. g4 0-0-0 13. 0-0-0 a6 14. g5 Be7 15. h4 Bd6 16. Nxd5 Bxa3 17. Ndc3 Bg4 18. Qg2 Bb4 19. Ne4 Rhe8 20. c3 Bd6 21. Nxd6+ cxd6 22. Rde1 Bf5 23. Bxf5 Qxf5 24. Qh3 Nge7 25. Ng3 Qxh3 26. Rxh3 Nd5 27. Rhh1 g6 28. Bd2 f5 29. gxf6 Nxf6 30. Bg5 Rxe1+ 31. Rxe1 Rf8 32. Re6 Ne8 33. Bh6 Rg8 34. Ne4 Kd7 35. Rxd6+ Nxd6 36. Nf6+ Ke6 37. Nxg8 Ne4 38. Be3 h5 39. f3 Nd6 40. Bg5 Ne8 41. Kd2 Kf7 42. Nh6+ Ke6 43. Kd3 b5 44. f4 a5 45. b3 Nd6 46. Ng8 a4 47. Nf6 a3 48. d5+ Kf5 49. Kc2 Na5 50. Nd7 Ne4 51. Be7 a2 52. Kb2 Nxc3 53. Nc5 Nxd5 1/2-1/2

[Event "Aragon-chT Preferente"]
[Site "Spain"]
[Date "2010.02.13"]
[Round "4.15"]
[White "Solano Lasierra, Javier"]
[Black "Lopez Guaita, Fernando"]
[Result "1-0"]
[WhiteElo "2142"]
[BlackElo "2026"]
[PlyCount "45"]
[EventDate "2010.01.23"]
[EventType "team-swiss"]
[EventRounds "12"]
[EventCountry "ESP"]
[SourceTitle "EXT 2013"]
[Source "ChessBase"]
[SourceDate "2012.11.22"]
[SourceVersion "1"]
[SourceVersionDate "2012.11.22"]
[SourceQuality "1"]
[WhiteTeam "La Aurora Estadilla"]
[BlackTeam "Aragon"]
[WhiteTeamCountry "ESP"]
[BlackTeamCountry "ESP"]

1. d4 Nf6 2. c4 g6 3. Nc3 Bg7 4. e4 d6 5. f4 0-0 6. Nf3 c5 7. d5 a6 8. a4 e6 9. dxe6 fxe6 10. Bd3 Nc6 11. 0-0 b6 12. Ng5 e5 13. f5 Nd4 14. Be3 Qe8 15. fxg6 hxg6 16. Qe1 Bh6 17. Rxf6 Rxf6 18. Nd5 Qf8 19. Qh4 Rf3 20. Bxd4 Rxd3 21. Rf1 Qg7 22. Nf6+ Kh8 23. Nf7+ 1-0

[Event "Aragon-chT"]
[Site "Aragon"]
[Date "2009.02.28"]
[Round "5"]
[White "Solano Lasierra, Javier"]
[Black "Laplaza Ara, Carlos"]
[Result "1/2-1/2"]
[WhiteElo "2144"]
[BlackElo "1987"]
[PlyCount "146"]
[EventDate "2009.01.24"]
[EventType "team-swiss"]
[EventRounds "9"]
[EventCountry "ESP"]
[SourceTitle "EXT 2011"]
[Source "ChessBase"]
[SourceDate "2010.11.26"]
[SourceVersion "1"]
[SourceVersionDate "2010.11.26"]
[SourceQuality "1"]

1. c4 Nf6 2. Nc3 g6 3. d4 Bg7 4. e4 d6 5. f4 0-0 6. Nf3 c5 7. d5 Nfd7 8. Bd3 e6 9. dxe6 fxe6 10. Ng5 Nf6 11. 0-0 Nc6 12. Be3 Qe7 13. Rc1 e5 14. f5 Nd4 15. g4 h6 16. Nh3 g5 17. Nf2 b6 18. Kg2 Bb7 19. Kg3 Nh7 20. Qd2 Bf6 21. Rh1 Kf7 22. Nh3 Rg8 23. Ng1 Rg7 24. Kf2 Rag8 25. Nge2 Ke8 26. Ng3 Kd7 27. Nh5 Rf7 28. Nd5 Bxd5 29. cxd5 Rff8 30. Qc3 Rc8 31. Qa3 Ke8 32. Qa6 Kf7 33. Rc3 Rc7 34. a4 Rb8 35. Rhc1 Rbb7 36. Ng3 Bg7 37. Qc4 Nf6 38. h3 Qd7 39. Qa2 a5 40. Ba6 Ra7 41. Bc4 Qe8 42. b3 Qe7 43. Qd2 Ra8 44. Bxg5 hxg5 45. Qxg5 Rh8 46. Qg6+ Kf8 47. g5 Rxh3 48. Kg2 Rh4 49. Rf1 Qf7 50. gxf6 Qxf6 51. Nh5 Qxg6+ 52. fxg6+ Kg8 53. Nf6+ Bxf6 54. Rxf6 Rd7 55. Kg3 Rxe4 56. Rc1 Kg7 57. Rcf1 Ne2+ 58. Bxe2 Rxe2 59. Rf7+ Rxf7 60. gxf7 Kf8 61. Rf6 Re3+ 62. Kg4 Rxb3 63. Rxd6 Kxf7 64. Kf5 Ke7 65. Rh6 Re3 66. Rxb6 c4 67. Ra6 c3 68. Rc6 Kd7 69. Kf6 c2 70. Rxc2 Kd6 71. Rc6+ Kxd5 72. Ra6 Kc5 73. Rxa5+ Kb4 1/2-1/2

[Event "Aragon-chT"]
[Site "Aragon"]
[Date "2008.02.23"]
[Round "4"]
[White "Solano Lasierra, Javier"]
[Black "Lopez Gracia, Fernando"]
[Result "1/2-1/2"]
[WhiteElo "2146"]
[BlackElo "2293"]
[PlyCount "70"]
[EventDate "2008.02.02"]
[EventType "team-swiss"]
[EventRounds "12"]
[EventCountry "ESP"]
[SourceTitle "EXT 2011"]
[Source "ChessBase"]
[SourceDate "2010.11.26"]
[SourceVersion "1"]
[SourceVersionDate "2010.11.26"]
[SourceQuality "1"]

1. d4 d5 2. c4 c6 3. Nf3 Nf6 4. e3 a6 5. Nbd2 Bf5 6. Be2 e6 7. 0-0 Nbd7 8. b3 Bd6 9. Bb2 0-0 10. Ne5 Ne4 11. Nxe4 Bxe4 12. Nxd7 Qxd7 13. Bd3 Bxd3 14. Qxd3 f5 15. f4 b5 16. a4 Rfb8 17. Rfb1 Bf8 18. Bc3 bxc4 19. bxc4 dxc4 20. Qxc4 Qd5 21. Qxd5 cxd5 22. Ba5 Bd6 23. Bb6 Kf7 24. Kf2 Ke7 25. Ke2 Kd7 26. Kd3 Rb7 27. Ra2 Rab8 28. Rab2 Bc7 29. a5 Bd8 30. Rb3 Bxb6 31. axb6 Kd6 32. R3b2 h6 33. h4 h5 34. Rb3 Ke7 35. Ke2 Kd6 1/2-1/2